000 00311nam a22001337a 4500
008 180917b xxu||||| |||| 00| 0 eng d
020 _a9780132814423
041 _aeng
080 _a615
100 _a5
101 _aFAR
245 _aFarmacology Conections Nursing Practice
_cAdams.m.p
942 _2udc
_cBK
999 _c47824
_d47824